00535nam a22001697a 4500003000900000008004100009040007100050082001800121100002800139245003500167260004900202300001100251505003000262650002300292650002700315650002300342AR-CdUCM190312b ||||| |||| 00| 0 spa d aMUNICIPALIDAD PROVINCIAL DEL CUSCOcBIBLIOTECA MUNICIPAL DEL CUSCO a869.56 /bL83 aLopez Degregori, Carlos aUn buen día :b(1975-1977) / aLima :bEdiciones la sagrada familia,c1978. c22 cm. aContenido :Un buen día. aPoesías peruanas aPoesías del siglo XX aLiteratura peruana